Alto Clef Notes - Statistics

General Stats
  • This quiz has been taken 26 times
  • The average score is 15 of 16
Answer Stats
Picture Answer % Correct
D
100%
C
95%
G
95%
A
90%
A
90%
B
90%
B
90%
C
90%
D
90%
D
90%
E
90%
E
90%
F
90%
F
90%
G
90%
C
85%
No matching quizzes found
Score Distribution
Percent of People with Each Score
Percentile by Number Answered
Your Score History
You have not taken this quiz